Catálogo
 En Linea

Ingleses, franceses, españoles; / (Registro nro. 15176)

Detalles MARC
000 -CABECERA
campo de control de longitud fija 00953cam a22002051 4500
001 - NÚMERO DE CONTROL
campo de control 000015622
005 - FECHA Y HORA DE LA ÚLTIMA TRANSACCIÓN
campo de control 20200929164109.0
008 - DATOS DE LONGITUD FIJA--INFORMACIÓN GENERAL
campo de control de longitud fija 801112s1942 sp 000 0 spa
010 ## - NÚMERO DE CONTROL DE LA BIBLIOTECA DEL CONGRESO
Número de control de LC 31019040
040 ## - FUENTE DE LA CATALOGACIÓN
Centro catalogador/agencia de origen DO-SdBNP
Lengua de catalogación spa
Centro/agencia transcriptor BNPHU
082 ## - NÚMERO DE LA CLASIFICACIÓN DECIMAL DEWEY
Número de clasificación xxxx
Número de documento/Ítem M178i
100 1# - ENTRADA PRINCIPAL--NOMBRE DE PERSONA
Nombre de persona Madariaga, Salvador de,
Fechas asociadas al nombre 1886-
9 (RLIN) 35208
245 10 - MENCIÓN DE TÍTULO
Título Ingleses, franceses, españoles; /
Mención de responsabilidad, etc. ensayo de psicologia comparada por Salvador de Madariaga.
260 ## - PUBLICACIÓN, DISTRIBUCIÓN, ETC.
Lugar de publicación, distribución, etc. Argentina :
Nombre del editor, distribuidor, etc. Losada,
Fecha de publicación, distribución, etc. 1942.
300 ## - DESCRIPCIÓN FÍSICA
Extensión 405 p. ;
Dimensiones 19 cm.
490 1# - MENCIÓN DE SERIE
Mención de serie Biblioteca Contemporanea
500 ## - NOTA GENERAL
Nota general "Escrito en forma de dos cursos de conferencias, dados en los veranos de 1926 y 1927 en el Instituto de Estudios Internacionales ... en frances y en ingles ... fue traducido luego al castellano, tambien por su autor, y publicado en el suplemento literario de 'La Nacion', de Buenos Aires, en los mismos años."--p. [5]
830 #0 - PUNTO DE ACCESO ADICIONAL DE SERIE-TÍTULO UNIFORME
Título uniforme Biblioteca Contemporanea
9 (RLIN) 14729
910 ## - DATOS DE OPCIÓN DEL USUARIO (OCLC)
Datos de opción del usuario Catalogación derivada
Existencias
Estado de retiro Estado de pérdida Restricciones de uso No para préstamo Código de colección Localización permanente Ubicación/localización actual Ubicación en estantería Fecha de adquisición Número de inventario Total de préstamos Signatura topográfica completa Código de barras Fecha visto por última vez Precio válido a partir de Tipo de ítem Koha
    Préstamo interno   Monografías: Libros y Folletos General General En catalogación 15.02.2010 LF1   xxxx M178i 15622-10 25.06.2020 25.06.2020 Préstamo interno

Con tecnología Koha